[Event "Mitropa Cup Open 2019"]
[Site "Radenci"]
[Date "2019.05.28"]
[Round "2.14"]
[White "Sonis, Francesco"]
[Black "Blohberger, Felix"]
[Result "1-0"]
[WhiteElo "2475"]
[BlackElo "2475"]
[Annotator "TA"]
[PlyCount "209"]
[EventDate "2019.05.27"]
[EventType "team-tourn"]
[EventCountry "SLO"]
[SourceTitle "playchess.com"]
[Source "ChessBase"]
[SourceQuality "1"]
[WhiteTeam "Italy"]
[BlackTeam "Austria"]
[WhiteTeamCountry "ITA"]
[BlackTeamCountry "AUT"]

{[%evp 11,209,0,0,0,5,0,0,0,0,0,0,-24,-24,-37,-29,-40,-29,-41,-31,-35,-31,-35,-25,-83,8,21,124,0,0,-16,0,0,0,0,0,0,0,0,6,6,8,10,10,9,8,8,0,3,12,0,0,0,0,0,0,0,0,0,27,36,28,33,239,239,342,143,594,77,86,70,62,63,82,60,61,63,70,36,73,59,96,81,108,128,115,53,55,21,21,20,21,20,36,31,31,26,111,111,94,110,1177,1177,1177,1144,1177,1177,1039,378,12791,0,12791,378,964,708,702,560,369,0,371,378,1015,852,1639,1465,1082,8,8,8,8,8,8,8,8,8,8,8,8,8,8,8,8,8,8,8,8,8,8,8,8,8,8,8,8,8,8,8,8,8,8,8,8,8,8,8,8,8,8,8,8,8,8,8,8,8,8,8,8,8,8,8,8,8,8,8,8,8,8,8,8,8,8,8,8,8,10,10,29977,29978,29977,29978]} 1. c4 e6 2. Nc3 d5 3. d4 Bb4 4. e3 Nf6 5. Nf3 O-O 6. Bd2 Nbd7 7. Rc1 {E51: Nimzo-Indian: Rubinstein: 4...0-0 5 Nf3 d5} Be7 8. cxd5 (8. Qc2 a6 9. c5 c6 10. Bd3 Qc7 11. Na4 e5 12. dxe5 Nxe5 13. Nxe5 Qxe5 14. O-O Ne4 {½-½ (60) Aleksandrov,A (2602)-Melkumyan,H (2660) Batumi 2018}) 8... exd5 9. Bd3 {The position is equal.} c6 10. O-O $146 ({Predecessor:} 10. Qc2 Bd6 11. O-O Re8 12. Rfe1 Nf8 13. h3 g6 14. a3 Ne6 {1-0 (67) Aczel,G (2523)-Kozak,A (2365) Budapest 2016}) 10... Bd6 11. Nh4 Ne4 12. Nf5 Nxd2 13. Qxd2 Bb8 14. f3 g6 15. Ng3 f5 16. e4 {[%cal Re4f5]} Qh4 17. Nce2 $1 {[%cal Re4f5]} fxe4 ({Black should play} 17... dxe4 $1 $17 18. Bc4+ Kg7) 18. fxe4 $11 dxe4 (18... Bd6 $1 $11) 19. Rxf8+ (19. Bc4+ $1 $16 Kg7 20. Rxf8 Kxf8 21. Rf1+ Ke8 22. Bf7+ Kd8 23. d5) 19... Nxf8 20. Bxe4 Be6 21. Qb4 Bxg3 22. Nxg3 Qh6 23. Rd1 Qg7 24. Bf3 Rd8 25. Ne2 Bd5 26. Bxd5+ Rxd5 27. Nc3 Rd8 28. d5 cxd5 29. Nxd5 {White wants to play Ne7+.} Kh8 30. Rf1 Ne6 31. Nc3 b6 32. Qe4 Nc5 33. Qe2 h6 34. h3 Qd4+ 35. Kh1 Qg7 {[#]} 36. Nd5 $1 {[%mdl 512]} h5 $2 ({Don't go for} 36... Rxd5 $2 37. Qe8+ Kh7 38. Rf7 $18) ({Black should try} 36... Nd7 $14) 37. Nf4 $1 $18 a5 (37... Nd7 $142 38. Rd1 Rg8 39. Nxg6+ Qxg6) 38. Rf3 (38. a3 $18 {has better winning chances.}) 38... Kh7 $2 {[%mdl 8192] [#]} (38... Kg8 $16 {is more resistant.}) 39. Rg3 $2 (39. Nxg6 $1 $18 {[%mdl 512]} Rb8 (39... Qxg6 40. Qe7+) 40. Ne7) 39... Qd7 $16 40. Rxg6 {[%cal Re2h5]} Qd1+ 41. Qxd1 Rxd1+ $14 {[%mdl 4096] Endgame KRN-KRN} 42. Kh2 Rf1 43. Rf6 Rf2 44. Nd5 (44. b3 {is more complex.} h4 45. Nd5 Rxa2 46. Rf4 Nxb3 47. Rxh4+ Kg6 48. Nxb6 Nd2 49. Rf4) 44... Rxf6 45. Nxf6+ {KN-KN} Kg6 46. Nd5 b5 47. Kg3 b4 48. b3 (48. Kf3 $16) 48... Kg5 $1 49. Kf3 Nd3 $1 50. Ne3 Nc1 51. Nc4 Nxa2 52. Nxa5 h4 53. Nc6 {Ke3 is the strong threat.} Nc1 (53... Kf5 $1 $11) 54. Nd4 $16 {aiming for Ke3.} Nd3 55. Ke4 Nc1 $2 {[%mdl 8192]} (55... Nc5+ $16 56. Ke3 Nb7 57. Nf3+ Kh5) 56. Ke3 $18 Na2 57. Ne2 Kf5 58. Kd4 Kf6 59. Ke4 $2 (59. Ng1 Nc3 60. Nf3) 59... Kg5 $2 (59... Ke6 60. Kf4 Kf6) 60. Ke3 $2 (60. Kd3 $18 Kf6 61. Kc2) 60... Kg6 $2 {[%mdl 8192]} (60... Kf5 $11 61. Kd4 Kf6) 61. Nf4+ $2 (61. Kd3 Kf5 62. g4+ hxg3 63. Nxg3+ Kf4 64. Ne2+ Kf3 65. Kd2) 61... Kf5 $2 (61... Kf6 62. Kd4 Nc1) 62. Nd3 Kg5 63. Kd4 Kf5 64. Ke3 Kg5 {[#]} 65. Ke4 $1 Nc3+ $2 (65... Kf6 66. Kd4 Kf5 67. Ke3) 66. Kd4 Kf5 67. Nxb4 Ne2+ {[#]} 68. Ke3 $2 (68. Kc4 $1 $18 {Threatens to win with Nd3.} Ke6 69. Nd5) 68... Nc1 $11 69. Nc2 Nxb3 70. Ne1 Kg5 71. Nf3+ Kh5 72. Kf4 Nc5 73. Kf5 Nd3 74. Ne5 $1 {[%cal Re5d3]} Ne1 75. Ke4 $1 Nc2 76. Kd3 Ne1+ 77. Ke2 Nc2 $1 78. Kd2 Nb4 79. Kc3 Nd5+ 80. Kd4 Nf4 81. Ke4 Ne6 82. Kf5 Nd4+ 83. Kf6 Nc2 84. Ng4 Ne1 85. Ne3 Kh6 $1 86. Kf5 {Black must now prevent Kg4.} Kh5 87. Kf4 Nd3+ $1 88. Ke4 Nc5+ 89. Kf5 {Hoping for Nd5.} Nb3 90. Nc2 Nd2 91. Nd4 Nc4 92. Kf4 Nb6 93. Ne6 {And now Kf5 would win.} Nd5+ 94. Ke4 Ne7 95. Ke5 Kg6 96. Nd4 Kg5 97. Nf3+ Kh5 98. Ke4 Ng6 99. Ne5 {Strongly threatening Nxg6.} Ne7 100. Nd3 Kg5 101. Nf4 Nc6 102. Ne6+ Kf6 103. Nd4 Nxd4 $2 {[%mdl 8192]} (103... Ne7 $11) 104. Kxd4 Kf5 105. Kd5 {Accuracy: White = 62%, Black = 55%.} 1-0

[Event "Mitropa Cup Open 2019"]
[Site "Radenci"]
[Date "2019.05.28"]
[Round "2.15"]
[White "Mesaros, Florian"]
[Black "Shytaj, Luca"]
[Result "1-0"]
[WhiteElo "2439"]
[BlackElo "2490"]
[Annotator "RC"]
[PlyCount "69"]
[EventDate "2019.05.27"]
[EventType "team-tourn"]
[EventCountry "SLO"]
[SourceTitle "playchess.com"]
[Source "ChessBase"]
[SourceQuality "1"]
[WhiteTeam "Austria"]
[WhiteTeamCountry "AUT"]
[TimeControl "40/5400+30:1800+30"]

1. d4 {[%emt 0:00:00]} Nf6 {[%emt 0:00:00]} 2. c4 {[%emt 0:00:00]} e6 {[%emt 0:00:16]} 3. Nc3 {[%emt 0:00:00]} Bb4 {[%emt 0:00:34]} 4. e3 {[%emt 0:00:22]} O-O {[%emt 0:00:49]} 5. Nf3 {[%emt 0:00:12]} d5 {[%emt 0:00:46]} 6. Bd2 {[%emt 0:00:41]} b6 {[%emt 0:02:52]} 7. cxd5 {[%emt 0:00:17]} exd5 {[%emt 0:00:28]} 8. Rc1 {[%emt 0:00:10]} a6 {[%emt 0:03:28]} 9. Bd3 {[%emt 0:00:24]} Bd6 {[%emt 0:08:22]} 10. O-O {[%emt 0:04:26]} Re8 {[%emt 0:04:50]} 11. b4 {[%emt 0:10:54]} Bxb4 {[%emt 0:11:36]} 12. Ne5 {[%emt 0:01:10]} Bb7 {[%emt 0:04:18]} 13. Be1 {[%emt 0:12:46]} c5 {[%emt 0:24:09]} 14. f4 {[%emt 0:01:58]} Qd6 {[%emt 0:02:27]} 15. Bg3 {[%emt 0:14:29]} Nc6 {[%emt 0:02:50]} 16. Ne2 {[%emt 0:08:57]} Rac8 {[%emt 0:04:55]} 17. Bh4 {[%emt 0:04:06]} cxd4 {[%emt 0:04:51]} 18. exd4 {[%emt 0:02:06]} Ne4 {[%emt 0:00:43]} 19. Bxe4 {[%emt 0:03:36]} dxe4 {[%emt 0:00:05]} 20. Nc4 {[%emt 0:02:40]} Qc7 {[%emt 0:06:04]} 21. a3 {[%emt 0:09:10]} Bd6 {[%emt 0:01:50]} 22. Qb3 {[%emt 0:03:08]} b5 {[%emt 0:00:31]} 23. Ne5 {[%emt 0:00:32]} Bxe5 {[%emt 0:00:48]} 24. fxe5 {[%emt 0:02:39]} Qd7 {[%emt 0:00:27]} 25. Rcd1 {[%emt 0:01:22]} Rc7 {[%emt 0:02:26]} 26. Qg3 {[%emt 0:03:45]} Ne7 {[%emt 0:01:34]} 27. Bxe7 {[%emt 0:02:05]} Qxe7 {[%emt 0:01:09]} 28. Nf4 {[%emt 0:00:40]} Kh8 {[%emt 0:04:40]} 29. Kh1 {[%emt 0:03:38]} Rc2 {[%emt 0:02:16]} 30. Nh5 {[%emt 0:02:37]} Rg8 {[%emt 0:00:12]} 31. d5 {[%emt 0:00:55]} Rc5 {[%emt 0:01:13]} 32. Nf4 {[%emt 0:02:45]} Rd8 {[%emt 0:01:31]} 33. e6 {[%emt 0:01:25]} f6 {[%emt 0:00:54]} 34. d6 {[%emt 0:00:14]} Qe8 {[%emt 0:00:23]} 35. e7 {[%emt 0:00:33]} 1-0

[Event "Mitropa Cup Open 2019"]
[Site "Radenci"]
[Date "2019.05.28"]
[Round "2.16"]
[White "Lodici, Lorenzo"]
[Black "Horvath, Dominik"]
[Result "1-0"]
[WhiteElo "2453"]
[BlackElo "2406"]
[Annotator "TA"]
[PlyCount "33"]
[EventDate "2019.05.27"]
[EventType "team-tourn"]
[EventCountry "SLO"]
[SourceTitle "playchess.com"]
[Source "ChessBase"]
[SourceQuality "1"]
[WhiteTeam "Italy"]
[BlackTeam "Austria"]
[WhiteTeamCountry "ITA"]
[BlackTeamCountry "AUT"]

{[%evp 9,83,-1,29,27,35,23,31,37,41,47,40,32,58,47,47,47,47,57,56,49,50,23,53,57,81,31,25,25,43,43,43,39,50,56,37,37,79,80,86,86,79,79,99,90,103,90,83,106,128,129,127,127,125,127,191,200,202,202,210,193,218,185,278,265,275,206,270,0,166,0,270,264,12795,12799,29994,29995]} 1. d4 d5 2. c4 e6 3. Nf3 Nf6 4. Bg5 dxc4 5. e4 (5. Qa4+ Nbd7 6. e4 Be7 7. Nc3 O-O 8. Bxc4 Nb6 9. Qb3 Nxc4 10. Qxc4 a6 11. O-O b5 12. Qe2 Bb7 13. Bxf6 Bxf6 14. Rfd1 {½-½ (54) Mamedyarov,S (2790)-Ding,L (2812) Shamkir 2019}) 5... h6 6. Bxf6 $1 {D30: Queen's Gambit Declined: Systems without Nc3} Qxf6 7. Bxc4 c5 8. e5 $146 {White is slightly better.} ({Predecessor:} 8. Nc3 cxd4 9. Qxd4 Qxd4 10. Nxd4 a6 11. O-O Be7 {½-½ (11) Schmidt,H (2042)-Link,U (1978) Bayern 2017}) 8... Qd8 9. d5 exd5 10. Bxd5 Qb6 11. O-O Be7 12. Nc3 O-O 13. Bc4 Nc6 14. Nd5 Qd8 15. Qc2 Bg4 16. Rad1 Qc8 17. b3 {Played: Nd5-f6} 1-0

[Event "Mitropa Cup Open 2019"]
[Site "Radenci"]
[Date "2019.05.28"]
[Round "2.17"]
[White "Perske, Thore"]
[Black "Nguyen, Thai Dai Van"]
[Result "0-1"]
[WhiteElo "2456"]
[BlackElo "2548"]
[Annotator "RC"]
[PlyCount "170"]
[EventDate "2019.05.27"]
[EventType "team-tourn"]
[EventCountry "SLO"]
[SourceTitle "playchess.com"]
[Source "ChessBase"]
[SourceQuality "1"]
[WhiteTeam "Germany"]
[BlackTeam "Czech Republic"]
[WhiteTeamCountry "GER"]
[BlackTeamCountry "CZE"]
[TimeControl "40/5400+30:1800+30"]

1. e4 {[%emt 0:00:00]} c5 {[%emt 0:00:00]} 2. Nf3 {[%emt 0:00:00]} d6 {[%emt 0:00:00]} 3. d4 {[%emt 0:00:14]} cxd4 {[%emt 0:00:00]} 4. Nxd4 {[%emt 0:00:05]} Nf6 {[%emt 0:00:05]} 5. Nc3 {[%emt 0:00:06]} a6 {[%emt 0:00:27]} 6. g3 {[%emt 0:00:28]} e5 {[%emt 0:00:28]} 7. Nde2 {[%emt 0:00:08]} Be7 {[%emt 0:00:38]} 8. Bg2 {[%emt 0:01:00]} b5 {[%emt 0:00:13]} 9. Nd5 {[%emt 0:04:03]} Nbd7 {[%emt 0:00:06]} 10. Nec3 {[%emt 0:06:10]} Nb6 {[%emt 0:00:11]} 11. Nxf6+ {[%emt 0:18:13]} Bxf6 {[%emt 0:00:06]} 12. Nd5 {[%emt 0:01:35]} Nxd5 {[%emt 0:08:54]} 13. Qxd5 {[%emt 0:00:08]} Be6 {[%emt 0:00:27]} 14. Qd2 {[%emt 0:12:28]} O-O {[%emt 0:04:37]} 15. O-O {[%emt 0:01:43]} Rc8 {[%emt 0:01:38]} 16. Rd1 {[%emt 0:06:32]} Bg4 {[%emt 0:23:33]} 17. Re1 {[%emt 0:02:45]} Qc7 {[%emt 0:09:54]} 18. c3 {[%emt 0:01:35]} Rfd8 {[%emt 0:00:04]} 19. Qd3 {[%emt 0:03:22]} Qc4 {[%emt 0:04:56]} 20. Qxc4 {[%emt 0:01:04]} bxc4 {[%emt 0:01:58]} 21. Be3 {[%emt 0:00:37]} Rb8 {[%emt 0:01:44]} 22. Reb1 {[%emt 0:01:14]} Be6 {[%emt 0:13:42]} 23. b3 {[%emt 0:03:55]} Kf8 {[%emt 0:07:16]} 24. bxc4 {[%emt 0:02:16]} Bxc4 {[%emt 0:00:27]} 25. Rb4 {[%emt 0:05:56]} Rdc8 {[%emt 0:00:30]} 26. Bh3 {[%emt 0:10:11]} Be6 {[%emt 0:01:12]} 27. Bf1 {[%emt 0:00:44]} a5 {[%emt 0:01:07]} 28. Rxb8 {[%emt 0:01:16]} Rxb8 {[%emt 0:00:04]} 29. a4 {[%emt 0:00:42]} Bd8 {[%emt 0:02:18]} 30. Bb5 {[%emt 0:04:39]} Rc8 {[%emt 0:02:56]} 31. Bd2 {[%emt 0:05:53]} Bc4 {[%emt 0:00:16]} 32. Bxc4 {[%emt 0:01:22]} Rxc4 {[%emt 0:00:05]} 33. f3 {[%emt 0:00:03]} Ke7 {[%emt 0:00:54]} 34. Kf2 {[%emt 0:00:04]} Ke6 {[%emt 0:01:05]} 35. Ke3 {[%emt 0:01:31]} d5 {[%emt 0:01:22]} 36. Kd3 {[%emt 0:00:05]} f5 {[%emt 0:01:25]} 37. exd5+ {[%emt 0:00:05]} Kxd5 {[%emt 0:00:03]} 38. Kc2 {[%emt 0:00:33]} e4 {[%emt 0:08:31]} 39. Rd1 {[%emt 0:03:35]} Ke6 {[%emt 0:01:35]} 40. Kb3 {[%emt 0:00:00]} Rc8 {[%emt 0:00:00]} 41. Re1 {[%emt 0:17:31]} Kd5 {[%emt 0:02:52]} 42. fxe4+ {[%emt 0:03:14]} fxe4 {[%emt 0:00:12]} 43. Rd1 {[%emt 0:03:00]} Bf6 {[%emt 0:05:18]} 44. Bf4+ {[%emt 0:06:27]} Ke6 {[%emt 0:00:13]} 45. c4 {[%emt 0:00:05]} g5 {[%emt 0:02:02]} 46. Bd2 {[%emt 0:03:43]} Rb8+ {[%emt 0:00:46]} 47. Kc2 {[%emt 0:00:02]} Rb2+ {[%emt 0:00:32]} 48. Kc1 {[%emt 0:00:01]} Ra2 {[%emt 0:00:51]} 49. Re1 {[%emt 0:02:15]} Rxa4 {[%emt 0:01:28]} 50. Rxe4+ {[%emt 0:00:02]} Kf5 {[%emt 0:00:06]} 51. Re3 {[%emt 0:00:04]} Rxc4+ {[%emt 0:00:06]} 52. Kb1 {[%emt 0:00:12]} a4 {[%emt 0:00:39]} 53. Rf3+ {[%emt 0:00:17]} Ke6 {[%emt 0:00:40]} 54. h3 {[%emt 0:00:06]} h5 {[%emt 0:02:59]} 55. Re3+ {[%emt 0:00:07]} Kf5 {[%emt 0:00:08]} 56. Rf3+ {[%emt 0:00:11]} Kg6 {[%emt 0:00:11]} 57. Re3 {[%emt 0:01:19]} g4 {[%emt 0:07:27]} 58. hxg4 {[%emt 0:00:04]} hxg4 {[%emt 0:01:06]} 59. Re1 {[%emt 0:02:23]} Bg5 {[%emt 0:08:27]} 60. Bxg5 {[%emt 0:01:11]} Kxg5 {[%emt 0:00:07]} 61. Kb2 {[%emt 0:01:02]} Rb4+ {[%emt 0:00:23]} 62. Kc2 {[%emt 0:00:01]} Rb5 {[%emt 0:02:32]} 63. Re4 {[%emt 0:00:24]} Ra5 {[%emt 0:01:57]} 64. Kb2 {[%emt 0:01:04]} a3+ {[%emt 0:00:11]} 65. Ka2 {[%emt 0:00:01]} Rf5 {[%emt 0:00:29]} 66. Re8 {[%emt 0:01:14]} Rf3 {[%emt 0:00:44]} 67. Rg8+ {[%emt 0:00:06]} Kf5 {[%emt 0:00:02]} 68. Rf8+ {[%emt 0:00:06]} Ke4 {[%emt 0:00:07]} 69. Re8+ {[%emt 0:00:05]} Kd4 {[%emt 0:00:08]} 70. Rd8+ {[%emt 0:00:14]} Ke3 {[%emt 0:00:06]} 71. Kxa3 {[%emt 0:00:07]} Kf2+ {[%emt 0:00:29]} 72. Kb2 {[%emt 0:00:05]} Kxg3 {[%emt 0:00:21]} 73. Kc2 {[%emt 0:00:05]} Kf2 {[%emt 0:00:31]} 74. Rd2+ {[%emt 0:00:11]} Kg1 {[%emt 0:00:13]} 75. Rd1+ {[%emt 0:00:06]} Kg2 {[%emt 0:01:23]} 76. Kd2 {[%emt 0:00:06]} g3 {[%emt 0:00:24]} 77. Ke2 {[%emt 0:00:06]} Rf8 {[%emt 0:00:08]} 78. Rd5 {[%emt 0:00:14]} Re8+ {[%emt 0:00:06]} 79. Kd2 {[%emt 0:00:05]} Kf2 {[%emt 0:00:12]} 80. Rf5+ {[%emt 0:00:07]} Kg1 {[%emt 0:00:06]} 81. Rg5 {[%emt 0:00:34]} g2 {[%emt 0:00:05]} 82. Rf5 {[%emt 0:00:10]} Kh2 {[%emt 0:00:25]} 83. Rh5+ {[%emt 0:00:05]} Kg3 {[%emt 0:00:03]} 84. Rg5+ {[%emt 0:00:05]} Kf3 {[%emt 0:00:19]} 85. Kd1 {[%emt 0:00:28]} Re4 {[%emt 0:00:08]} 0-1

[Event "Mitropa Cup Open 2019"]
[Site "Radenci"]
[Date "2019.05.28"]
[Round "2.18"]
[White "Vykouk, Jan"]
[Black "Kunin, Vitaly"]
[Result "1/2-1/2"]
[WhiteElo "2451"]
[BlackElo "2518"]
[Annotator "TA"]
[PlyCount "83"]
[EventDate "2019.05.27"]
[EventType "team-tourn"]
[EventCountry "SLO"]
[SourceTitle "playchess.com"]
[Source "ChessBase"]
[SourceQuality "1"]
[WhiteTeam "Czech Republic"]
[WhiteTeamCountry "CZE"]

{[%evp 21,83,38,49,43,32,38,61,63,44,48,43,41,37,46,70,81,81,55,80,74,92,20,11,13,55,74,62,57,64,63,50,27,74,0,0,-14,0,0,127,120,119,120,105,92,112,105,115,90,72,48,54,57,42,0,627,0,0,0,0,0,0,0,0,0]} 1. e4 e6 2. d4 d5 3. Nd2 dxe4 4. Nxe4 Bd7 5. Nf3 Bc6 6. Bd3 Nd7 7. O-O Ngf6 8. Ng3 Be7 9. Re1 O-O 10. c4 Bxf3 11. Qxf3 c6 12. Be3 {C10: French with 3 Nc3: Unusual Black 3rd moves and 3...dxe4} (12. Bd2 Re8 13. Bc3 Bf8 14. Rad1 Qc7 15. Bc2 Rad8 16. Re2 a6 17. a4 a5 18. b3 Bb4 19. Bb2 Bf8 20. Ne4 Nxe4 21. Qxe4 {1-0 (100) Demchenko,A (2660)-Zhao,J (2604) Riadh 2017}) 12... Re8 13. Rad1 Qa5 14. a3 {White is slightly better.} Rad8 $146 ({Predecessor:} 14... Nf8 15. h4 Rad8 16. h5 h6 17. Ne4 Nxe4 18. Bxe4 {1-0 (48) Mussanti,D (2263)-Rodriguez,R (1919) Pehuajo 2017}) 15. Bd2 Qc7 16. Bc3 a6 17. Nf1 Nf8 18. Ne3 b5 19. Rc1 Qb7 20. Red1 Rd7 21. g4 (21. b4 $16) 21... h6 $11 22. h4 N6h7 23. Be4 {aiming for cxb5.} Rc8 24. d5 $36 {[%mdl 2048] White is pushing.} Bxh4 25. dxc6 Rxd1+ 26. Rxd1 {[%cal Bc1d1,Bd1d4,Bd4c4][%mdl 32]} Qc7 {And now ...Ng5 would win.} 27. Bxh7+ (27. Qe2 $1 $16) 27... Nxh7 28. cxb5 Ng5 29. Qg2 $1 Qf4 (29... axb5 $11 30. Kf1 Qb6) 30. Kf1 $1 $16 Qa4 31. Rd4 $1 {[%cal Rd4a4]} Qxb5+ 32. Rc4 Nh7 33. a4 $1 {[%cal Ra4b5]} Qb6 {[#]} 34. Bd4 $1 {[%cal Rd4b6]} Qb3 35. c7 {Ke2 is the strong threat.} Qd3+ $1 36. Kg1 {Strongly threatening Qb7!} Ng5 {[%cal Bh7g5,Bg5f3,Bf3e1][%mdl 32] White must now prevent ...Ne4.} 37. Qb7 {[%mdl 64] Double Attack} Qe2 $2 {[%mdl 8192] [#]} (37... Kh7 $11) 38. Qxc8+ $2 (38. Rc2 $1 $18 Nf3+ 39. Kh1 Qe1+ 40. Kg2 Rxc7 41. Qa8+ Kh7 42. Qxf3 Rxc2 43. Nxc2) 38... Kh7 $11 {The position is equal.} 39. Nf5 Nf3+ 40. Kg2 Ne1+ {[%mdl 64] Discovered Attack} 41. Kg1 (41. Kh3 $2 {leads to mate.} Qf3+ 42. Kxh4 Ng2+ 43. Kh5 g6#) 41... Nf3+ 42. Kg2 {Accuracy: White = 60%, Black = 49%.} 1/2-1/2

[Event "Mitropa Cup Open 2019"]
[Site "Radenci"]
[Date "2019.05.28"]
[Round "2.19"]
[White "Lagunow, Raphael"]
[Black "Kraus, Tomas"]
[Result "1/2-1/2"]
[WhiteElo "2420"]
[BlackElo "2463"]
[Annotator "TA"]
[PlyCount "140"]
[EventDate "2019.05.27"]
[EventType "team-tourn"]
[EventCountry "SLO"]
[SourceTitle "playchess.com"]
[Source "ChessBase"]
[SourceQuality "1"]
[WhiteTeam "Germany"]
[BlackTeam "Czech Republic"]
[WhiteTeamCountry "GER"]
[BlackTeamCountry "CZE"]

{[%evp 9,140,-10,-6,-12,-19,-15,-32,-11,-13,-27,-23,-20,-16,-23,20,0,78,81,72,79,134,116,221,58,55,0,0,0,0,20,141,146,179,180,184,107,102,20,155,162,156,7,7,0,0,0,0,-19,-23,-43,-31,-34,0,0,8,10,9,15,14,0,0,0,0,0,8,0,8,0,4,2,8,0,0,0,0,0,0,0,0,0,0,0,0,0,0,0,0,0,0,0,0,-8,-8,-17,0,0,0,-328,0,0,0,0,0,0,0,0,0,-67,-27,-27,-27,-27,-27,-27,-27,-27,-22,-89,-29,-29,-29,-29,-29,-29,0,-29,0,-29,0,-29,0,-29,0]} 1. e4 d6 2. d4 Nf6 3. Nc3 e5 4. Nf3 Nbd7 5. g4 (5. Bc4 Be7 6. a4 O-O 7. O-O c6 8. Re1 a5 9. h3 Nb6 10. Ba2 Nfd7 11. Be3 exd4 12. Bxd4 Nc5 13. Bxc5 dxc5 14. Qe2 Qd6 15. Rad1 Qg6 16. Ne5 Qg5 17. Nf3 Qg6 18. Ne5 Qg5 19. Nf3 Qg6 20. Ne5 Qg5 {½-½ (20) Fressinet,L (2650)-Ponomariov,R (2663) Germany 2019}) 5... Nxg4 6. Rg1 {C41: Philidor Defence} Ngf6 7. Be3 c6 8. Qd2 {Black is slightly better.} b5 9. O-O-O $1 Qa5 $1 10. dxe5 dxe5 11. Kb1 h6 (11... b4 12. Na4) 12. Qe1 $146 ({Predecessor:} 12. Bh3 b4 {½-½ (34) Smerdon,D (2506)-Haslinger,S (2531) Germany 2014}) 12... Qc7 (12... b4 $11 13. Ne2 Qc7) 13. Bxb5 $1 $16 cxb5 14. Nxb5 Qc4 (14... Qd8 $2 15. Qc3 $18) (14... Qb7 $142 15. Qa5 Be7 16. Nc7+ {[%mdl 64] Double Attack} Kf8 17. Nxa8 Qxe4) 15. Qa5 {[%mdl 1024] White has strong compensation.} Bb4 {[#]} (15... Be7 $16 {was called for.}) 16. Qa4 $2 (16. Nxe5 $1 $18 {[%mdl 512]} Bxa5 (16... Nxe5 17. Qd8#) 17. Nxc4) 16... O-O $1 $14 (16... Nxe4 $2 17. Nxe5 $1 {[%mdl 512]} Nc3+ 18. bxc3 $18) 17. Nd6 Nc5 {[%mdl 64] Double Attack} 18. Qc6 Qa6 $1 {[%cal Ra6c6]} (18... Bd7 $2 19. Qxa8 (19. Nxc4 Bxc6 20. a3 Bxe4 $16) 19... Rxa8 20. Nxc4 $18) 19. Nxe5 (19. Qxa8 $2 Be6 $1 $19 {[%mdl 512]}) 19... Be6 (19... Ne6 $1 $11) 20. a3 $1 $16 Qxc6 21. Nxc6 Bxa3 {Hoping for ...Rab8!} 22. bxa3 (22. Bd4 $1 $18 {[%cal Rd4f6]} Kh8 23. bxa3 Ncxe4 24. Nxe4 Nxe4 25. Rxg7) 22... Ncxe4 {next ...Nc3+ is good for Black.} 23. Bd4 ({Better is} 23. Bxh6 $1 $16 Nxd6 24. Bxg7 (24. Rxd6 Kh7 $16) (24. Rxg7+ Kh8 $11)) 23... Nxd6 (23... g6 $1 $11 {remains equal.}) 24. Bxf6 $1 Nf5 {[#]} 25. Ne7+ (25. Rxg7+ $1 $16 {[%mdl 512]} Nxg7 26. Rg1 $1 {[%mdl 512]} Rfb8+ 27. Ka1 (27. Nxb8 Rxb8+ 28. Kc1 Bf5 $16)) 25... Kh7 $132 {[%mdl 2048] Black is not holding back} 26. Nxf5 gxf6 27. Nd6 Rab8+ 28. Ka1 Rb6 29. c4 Rc6 30. Rd4 Ra6 31. Rg3 Rb8 32. c5 Rc6 33. Rc3 Rg8 34. f4 Rg1+ 35. Kb2 Rg2+ 36. Kc1 Rf2 37. h4 Kg6 38. Ra4 a6 39. Rb4 Kh5 40. f5 Bxf5 41. Rb6 Bd7 42. Rxc6 Bxc6 43. Nxf7 Kxh4 44. Nxh6 $11 {[%mdl 4096] Endgame KRB-KRN} f5 45. Nf7 Re2 46. Nd8 Bd7 47. c6 Bc8 48. Nf7 Re6 49. c7 f4 50. Kb2 Kg4 {Strongly threatening ...f3.} 51. Rc4 $1 Kg3 {White must now prevent ...f3.} 52. Ng5 Re2+ 53. Rc2 $2 {[%mdl 8192] [#]} (53. Kc1 $11 {and White has nothing to worry.}) 53... Re3 $2 (53... f3 $1 $19 {[%cal Rf3f2]} 54. Nxf3 Rxc2+ 55. Kxc2 Kxf3) 54. Nf7 f3 55. Nd6 Bd7 56. c8=Q Bxc8 57. Rxc8 {aiming for Nf5+. KRN-KR} Re2+ 58. Rc2 ({White should play} 58. Kc3 $11) 58... Kf4 59. Nc4 f2 60. Rxe2 f1=Q {KQ-KRN} 61. Re4+ Kg5 {And now ...Qg2+ would win.} 62. Rd4 Kf6 63. Ne3 (63. Rd6+ $11 Ke7 64. Kc3) 63... Qb5+ (63... Qe2+ $17 64. Nc2 Ke5) 64. Kc3 Qa5+ 65. Kb3 Qb6+ 66. Kc3 $1 {White wants to mate with Nd5+.} Qa5+ 67. Kb3 Qb5+ 68. Kc3 Qa5+ 69. Kb3 Qb5+ 70. Kc3 Qa5+ {Accuracy: White = 50%, Black = 40%.} 1/2-1/2

[Event "Mitropa Cup Open 2019"]
[Site "Radenci"]
[Date "2019.05.28"]
[Round "2.20"]
[White "Miesbauer, Jan"]
[Black "Schmidek, Emil"]
[Result "1/2-1/2"]
[WhiteElo "2407"]
[BlackElo "2396"]
[Annotator "TA"]
[PlyCount "90"]
[EventDate "2019.05.27"]
[EventType "team-tourn"]
[EventCountry "SLO"]
[SourceTitle "playchess.com"]
[Source "ChessBase"]
[SourceQuality "1"]
[WhiteTeam "Czech Republic"]
[BlackTeam "Germany"]
[WhiteTeamCountry "CZE"]
[BlackTeamCountry "GER"]

{[%evp 21,90,20,38,22,31,14,41,10,23,27,29,8,8,10,8,7,0,0,18,16,23,23,23,23,42,42,42,42,42,42,42,42,42,42,42,7,7,7,7,7,7,7,7,7,7,7,12,12,31,7,7,7,72,72,72,72,72,87,73,72,72,72,72,72,72,72,72,72,72,72,72]} 1. c4 Nf6 2. Nc3 d5 3. cxd5 Nxd5 4. Nf3 g6 5. e4 Nxc3 6. dxc3 Qxd1+ 7. Kxd1 f6 8. Be3 e5 9. Nd2 Be6 10. Bc4 Kf7 11. Kc2 Nd7 12. Rad1 {A16: English Opening: 1...Nf6 with ...d5} Be7 13. a4 $146 ({Predecessor:} 13. f3 Rhd8 14. Bxe6+ Kxe6 15. Nc4 b6 {½-½ (15) Kharitonov,A (2540)-Yandemirov,V (2500) Sochi 1997}) 13... a5 14. f3 {White is slightly better.} Rhd8 15. Bxe6+ Kxe6 16. Nc4 b6 17. g4 Nc5 18. Rxd8 Rxd8 19. b3 Nb7 20. h4 Nd6 21. Nxd6 Bxd6 $11 {[%mdl 4096] Endgame KRB-KRB} 22. h5 g5 23. Rd1 Rb8 24. Rb1 Ra8 25. Kd3 Kd7 26. Kc4 Kc6 27. Ra1 Be7 28. b4 axb4 29. cxb4 Rxa4 $1 {[%mdl 64] [#] Remove Defender, Decoy} 30. Rxa4 b5+ {[%mdl 64] Double Attack} 31. Kb3 bxa4+ 32. Kxa4 {KB-KB} Kb7 33. Kb5 c6+ 34. Kc4 h6 35. b5 Kc7 36. Bd2 Bf8 (36... cxb5+ $11 37. Kxb5 Kd7) 37. Ba5+ $16 {White is better.} Kd7 {[#]} 38. bxc6+ $1 Kxc6 39. Bd8 Bg7 40. Be7 Kd7 41. Ba3 {And now Kd5 would win.} Ke6 42. Bb4 Kf7 43. Kd5 Bh8 44. Kd6 Bg7 {Strongly threatening ...Bf8+.} 45. Kd7 Bh8 {Accuracy: White = 66%, Black = 64%.} 1/2-1/2